Phong thủy nhà hàng, quán bar, phòng trà

Guardat en:
Dades bibliogràfiques
Autor principal: Xuân, Phú Hưng
Altres autors: Xuân Phú Hưng; Việt H
Idioma:Undetermined
Publicat: Hà Nội Văn Hóa Thông Tin 2009
Matèries:
Etiquetes: Afegir etiqueta
Sense etiquetes, Sigues el primer a etiquetar aquest registre!
Thư viện lưu trữ: Trung tâm Học liệu Trường Đại học Trà Vinh
LEADER 00700nam a2200241Ia 4500
001 TVU_2149
008 210423s9999 xx 000 0 und d
041 |a Vie 
082 |a 690.01 
082 |b H556 
100 |a Xuân, Phú Hưng 
245 0 |a Phong thủy nhà hàng, quán bar, phòng trà 
245 0 |c Xuân Phú Hưng, Việt Hà (biên soạn) 
260 |a Hà Nội 
260 |b Văn Hóa Thông Tin 
260 |c 2009 
300 |a 251 tr. 
300 |b minh họa 
300 |c 21 cm 
650 |a Phong thủy trong trang trí nội thất; Phong thủy 
700 |a Xuân Phú Hưng; Việt Hà  
700 |e biên soạn 
980 |a Trung tâm Học liệu Trường Đại học Trà Vinh